• 首页
  • 本馆介绍
  • 公告通知
  • 最新文献
  • 馆藏检索
  • 电子资源
  • 读者导购
  • 参考咨询
  • 我的图书馆
  • 登录
  • 详细信息显示
  • 放入我的书架
  • 预约/预借图书
  • 作者相关作品
  • 分类相关作品
  • 丛书相关作品
  • 出版社相关作品

书目信息

  • 表格格式
  • 工作单格式
  • 卡片格式
题名:
过年啦
    
 
作者: 王亮 编著
分册:  
出版信息: 广州   广东教育出版社  2021
页数: 134页
开本: 21cm
丛书名: 岭南故事书系
单 册:
中图分类: K892.18
科图分类:
主题词: 岁时节令--sui shi jie ling--风俗习惯--广东
电子资源:
ISBN: 978-7-5548-2827-4
000 00851nam 2200253 450
001 2326690377
005 20230927072515.76
010    @a978-7-5548-2827-4@dCNY35.80
100    @a20210617d2021 em y0chiy50 ea
101 0  @achi
102    @aCN@b440000
105    @aa z 000yy
200 1  @a过年啦@Aguo nian la@e岭南风俗@f王亮著
210    @a广州@c广东教育出版社@d2021
215    @a134页@c彩图@d21cm
225 2  @a岭南故事书系@Aling nan gu shi shu xi
330    @a本书分四章,包括春意盎然迎新岁、夏日炎炎听鸣蝉、秋高气爽庆团圆、冬至沁寒望年关,内容包括正月初一迎新年、正月十五闹元宵等。
410  0 @12001 @a岭南故事书系
517 1  @a岭南风俗@Aling nan feng su
606 0  @a岁时节令@Asui shi jie ling@x风俗习惯@y广东
690    @aK892.18@v5
701  0 @a王亮@Awang liang@4编著
801  0 @aCN@b山东中教@c20230926
905    @aBZT@dK892.18@e2
    
    过年啦:岭南风俗/王亮著.-广州:广东教育出版社,2021
    134页:彩图;21cm.-(岭南故事书系)
    
    
    ISBN 978-7-5548-2827-4:CNY35.80
    本书分四章,包括春意盎然迎新岁、夏日炎炎听鸣蝉、秋高气爽庆团圆、冬至沁寒望年关,内容包括正月初一迎新年、正月十五闹元宵等。
●
相关链接 在五车中查询图书 在当当中查询图书 在豆瓣中查询图书


正题名:过年啦     索取号:K892.18/2         预约/预借

序号 登录号 条形码 馆藏地/架位号 状态 备注
1 2000959325   2000959325   第四书库/四30架A面4层2列/ [索取号:K892.18/2] 在馆    
2 2000959326   2000959326   第四书库/四30架A面4层2列/ [索取号:K892.18/2] 在馆    
3 2000959327   2000959327   第四书库/四30架A面4层2列/ [索取号:K892.18/2] 在馆    
4 2000959328   2000959328   第四书库/四30架A面4层2列/ [索取号:K892.18/2] 在馆    
5 2000959329   2000959329   第四书库/四30架A面4层2列/ [索取号:K892.18/2] 在馆    
6 2000959330   2000959330   第四书库/四30架A面4层2列/ [索取号:K892.18/2] 在馆    
山东省滨州职业学院图书馆 欢迎您!
大连网信软件有限公司© 版权所有